[Event "Barcelona Vila de Gracia op 23rd"]
[Site "Barcelona"]
[Date "2019.11.08"]
[Round "4"]
[White "Ortega Rios, Jorge"]
[Black "Capellades Subirana, Marc"]
[Result "0-1"]
[WhiteElo "1932"]
[BlackElo "2149"]
[PlyCount "34"]
[EventDate "2019.10.11"]
[EventType "swiss"]
[EventRounds "9"]
[EventCountry "ESP"]
[SourceTitle "CBM 194 Extra"]
[Source "ChessBase"]
[SourceDate "2020.03.31"]
[SourceVersion "1"]
[SourceVersionDate "2020.03.31"]
[SourceQuality "1"]

1. e4 e5 2. Nf3 Nc6 3. Bb5 a6 4. Ba4 g6 5. Nc3 Bg7 6. d3 Nge7 7. Bg5 h6 8. Be3 Nd4 9. Ne2 Nxf3+ 10. gxf3 b5 11. Bb3 d5 12. c3 Bb7 13. Qc2 Qd6 14. c4 bxc4 15. dxc4 d4 16. Ba4+ Bc6 17. Rd1 Qb4+ 0-1

[Event "Barcelona Vila de Gracia op 7th"]
[Site "Barcelona"]
[Date "2013.10.18"]
[Round "2"]
[White "Ramirez Garcia, Jorge Alberto"]
[Black "Ortega Rios, Jorge"]
[Result "1-0"]
[WhiteElo "2300"]
[BlackElo "1974"]
[PlyCount "67"]
[EventDate "2013.10.11"]
[EventType "swiss"]
[EventRounds "9"]
[EventCountry "ESP"]
[SourceTitle "EXT 2015"]
[Source "ChessBase"]
[SourceDate "2014.11.20"]
[SourceVersion "1"]
[SourceVersionDate "2014.11.20"]
[SourceQuality "1"]

1. e4 c5 2. Nc3 Nc6 3. g3 d6 4. Bg2 g6 5. d3 Bg7 6. f4 e5 7. Nf3 Nge7 8. Be3 Nd4 9. 0-0 Bg4 10. Ne2 Qd7 11. c3 Nxe2+ 12. Qxe2 0-0 13. fxe5 dxe5 14. Bxc5 b6 15. Ba3 Rfd8 16. h3 Be6 17. Ng5 f6 18. Nxe6 Qxe6 19. Rf3 Rd7 20. Qc2 Kh8 21. h4 g5 22. hxg5 fxg5 23. Raf1 Ng8 24. Re1 Rad8 25. Bf1 g4 26. Rf5 Nh6 27. Rh5 Rf7 28. Be2 Qg6 29. Rh2 Ng8 30. b3 Nf6 31. Rh4 Kg8 32. d4 exd4 33. cxd4 h5 34. Bc4 1-0